000 00687nam a2200277Ia 4500
005 20260324124906.0
008 008 260324s9999 xx 000 0 eng d
020 _a9780203884553
037 _aEBOOK
040 _aCRL
040 _beng
040 _cCRL
041 _2eng
041 _aeng
084 _qCRL
100 _aDavid Cobham; Ghassan Dibeh
_91173227
245 0 _aMonetary Policy and Central Banking in the Middle East and North Africa
260 _bTaylor and Francis
260 _c2009
365 _a
365 _b240
856 _uhttp://www.taylorfrancis.com/books/9780203884553
942 _cEBOOK
999 _c1770688
_d1770688